000 00324nam a22001337a 4500
008 170527b xxu||||| |||| 00| 0 eng d
020 _apqp493256
041 _aeng
080 _a62
100 _a27
101 _aIM
245 _aPRABABILITY AND STATISTICS FOR ENGINEERING AND THE SCIENCES
_cDEVORE, J.L
942 _2udc
_cBK
999 _c14624
_d14624